| 000 | 01002nam a2200277Ia 4500 | ||
|---|---|---|---|
| 003 | OSt | ||
| 005 | 20220930092742.0 | ||
| 006 | a|||||r|||| 00| 0 | ||
| 007 | ta | ||
| 008 | 220926b |||||||| |||| 00| 0 eng d | ||
| 024 | _a24307 | ||
| 037 | _cTheses | ||
| 040 |
_aCRL _cCRL _beng |
||
| 041 |
_2eng _aeng |
||
| 100 |
_aChhoda Ankit _9549631 |
||
| 110 |
_aUniversity OF Delhi. Faculty OF Medical Sciences. Department OF General Medicine _9544737 |
||
| 245 | 0 | _aEffect of statin supplementation on pulmonary function and inflammatory markers in patients of chronic obstructive pulmonary disease | |
| 260 | _c2015 | ||
| 650 | _aMEDICINE | ||
| 700 |
_a Dr. H. S. Hira Gu. _9532983 |
||
| 700 | _a Dr. M. K. Daga Gu. | ||
| 700 |
_a Dr. T. K. Mishra Gu. _9536930 |
||
| 700 |
_aUniversity OF Delhi. Faculty OF Medical Sciences. Department OF General Medicine _9544739 |
||
| 942 |
_cDIS _2CC |
||
| 999 |
_c884244 _d884244 |
||